| 000 | 00356nam a22001457a 4500 | ||
|---|---|---|---|
| 005 | 20250530152719.0 | ||
| 008 | 250530b |||||||| |||| 00| 0 eng d | ||
| 020 | _a9780825423864 | ||
| 050 |
_aBV4223 _bCAM |
||
| 100 | _aCAMPBELL, ROGER | ||
| 245 | _aPREACH FOR A YEAR | ||
| 260 |
_aUSA _bKREGEL PUBLICATIONS _cc2004 |
||
| 300 | _a223p | ||
| 942 |
_2lcc _cBK _n0 |
||
| 999 |
_c6074 _d6074 |
||